000 00286nam a22001337a 4500
008 170920b xxu||||| |||| 00| 0 eng d
020 _a0133294587
041 _aeng
080 _a7
100 _a45
101 _aART
245 _aFORM, SPACE AND VISION
_cCOLLIER,G
942 _2udc
_cBK
999 _c28578
_d28578